00306nam a22000977a 4500082001600000100001700016245010000033260004400133300000700177650002400184 a294.555 GEO aGeorge, C.H. aRamakrishna Mission and Its Contribution Towards harmonious Inter-Faith Relations: An Appraisal aHyderabadbHenry Martyn Institutec2018 a95 aRamakrishna Mission